Emma / (Record no. 4706)

MARC details
000 -LEADER
fixed length control field 01438nam a22002537a 4500
001 - CONTROL NUMBER
control field 4706
003 - CONTROL NUMBER IDENTIFIER
control field FISKH
005 - DATE AND TIME OF LATEST TRANSACTION
control field 20240923135016.0
008 - FIXED-LENGTH DATA ELEMENTS--GENERAL INFORMATION
fixed length control field 240923b cb ||||| |||| 00| 0 eng d
020 ## - INTERNATIONAL STANDARD BOOK NUMBER
International Standard Book Number 9780141439587
040 ## - CATALOGING SOURCE
Original cataloging agency FISKH
Language of cataloging eng
Transcribing agency FISKH
Modifying agency FISKH
050 ## - LIBRARY OF CONGRESS CALL NUMBER
Classification number PR4034
082 ## - DEWEY DECIMAL CLASSIFICATION NUMBER
Edition number 823.7
100 ## - MAIN ENTRY--PERSONAL NAME
Personal name Austen, Jane
Dates associated with a name (1775–1817)
245 ## - TITLE STATEMENT
Title Emma /
Statement of responsibility, etc. Jane Austen Edit with an Introduction and Notes by Fiona Stafford
250 ## - EDITION STATEMENT
Edition statement Published in 1996
260 ## - PUBLICATION, DISTRIBUTION, ETC.
Place of publication, distribution, etc. London :
Name of publisher, distributor, etc. Penguin,
Date of publication, distribution, etc. 1996.
300 ## - PHYSICAL DESCRIPTION
Extent 474 pages :
Dimensions 20cm
520 ## - SUMMARY, ETC.
Summary, etc. Emma is a literary classic by Jane Austen following the genteel women of Georgian-Regency England in their most cherished sport: matchmaking. Emma is spoiled, headstrong, and self-satisfied. After a couple she has introduced gets married, she greatly overestimates her own matchmaking abilities and, blind to the dangers of meddling in other people's lives, proceeds to forge ahead in her new interest despite objections. What follows is a comedy of manners, in which Emma repeatedly counsels her friends for or against their marriage prospects, absent any notice of their true emotions or desires. This story is often cited as a personal favorite of critics and literary historians, and Emma is set apart from other Austen heroines by her seeming immunity to romantic attraction.
650 ## - SUBJECT ADDED ENTRY--TOPICAL TERM
Source of heading or term Novel
Topical term or geographic name entry element Classics
650 ## - SUBJECT ADDED ENTRY--TOPICAL TERM
Source of heading or term Romance
Topical term or geographic name entry element Love
942 ## - ADDED ENTRY ELEMENTS (KOHA)
Source of classification or shelving scheme Dewey Decimal Classification
Koha item type Books
Suppress in OPAC No
Holdings
Withdrawn status Lost status Source of classification or shelving scheme Damaged status Not for loan Collection Home library Current library Shelving location Date acquired Total Checkouts Full call number Barcode Date last seen Date last checked out Copy number Price effective from Koha item type
    Dewey Decimal Classification     Fiction Footprints International School Library Network Toul Kork Campus Footprints International School Library Network Toul Tom Poung Campus TTP Secondary Fiction Bookshelves 09/23/2024 2 AUS 823.7 PR4034 2024-2065 12/19/2025 12/01/2025 1 09/23/2024 Books